000 00593nam a2200193 a 4500
001 000033101
005 20240412074257.0
008 110817s1993 dr a r 000 p spa d
040 _aDO-SdBNP
_bspa
_cBNPHU
082 _aRD861.44
_bD542t
100 1 _aDíaz Carela, Cecilio
_910256
245 1 0 _aTira Pulla electoral /
_cCecilio Díaz Carela.
260 _aSanto Domingo :
_bGrafideas,
_c1993.
300 _a122 :
_bil. ;
_c22 cm.
590 _aInventariado, 2018/BT
650 0 _aPoesía dominicana
_966
650 0 _aLiteratura dominicana.
_967
910 _aValidado. Control de calidad. MFF
999 _c32592
_d32592